000 00557nmm a2200193Ia 4500
008 251105s9999||||xx |||||||||||||||||und||
020 _a9788498415216
041 _aspa
100 _aTanizaki, Junichirô
245 0 _aNaomi
264 _a[Madrid, España] :
_bSiruela,
_c2016
300 _a196 páginas
490 _aLibros del Tiempo / Biblioteca Junichiro Tanizaki
650 _aOther narratives
700 _aTanizaki, Junichirô
700 1 _a Balseiro, María Luisa
856 _uhttps://public.digitaliapublishing.com/a/44818
942 _cCF
999 _c71862
_d71862